El trágico destino de los hijos de los Reyes Católicos / (Registro nro. 11145)

Detalles MARC
000 -LIDER
fixed length control field 00733nam a22002177a 4500
003 - IDENTIFICACDOR DE NÚMERO DE CONTROL
control field DO-SdBNP
005 - DATE AND TIME OF LATEST TRANSACTION
control field 20230322115935.0
008 - ELEMENTOS DE LONGITUD FIJA
fixed length control field 160810b2008 sp ||| 00| 0 spa d
020 ## - ISBN
International Standard Book Number 9788403099067
040 ## - FUENTE DE CATALOGACIÓN
Agencia que crea de manera original el registro BPMSU
Idioma de catalogación spa
Agencia que realiza la transcripción BPMSU
082 #4 - NÚMERO DE CLASIFICACIÓN DECIMAL DE DEWEY
Classification number 946
Item number M357t 2007
Edition number 22
100 1# - ASIENTO PRINCIPAL -- NOMBRE PERSONAL
Nombre personal Márquez de la Plata, Vicenta María
245 13 - MENCIÓN DE TITULO
Título El trágico destino de los hijos de los Reyes Católicos /
Mención de responsabilidad Vicenta Márquez de la Plata
260 ## - PUBLICACIÓN, DISTRIBUCIÓN, ETC. (PIE DE IMPRENTA)
Lugar de publicación, distribución, etc Madrid :
Nombre del editor, distribuidor, etc. Santillana Ediciones Generales,
Fecha de publicación, distribución, etc 2008.
300 ## - DESCRIPCIÓN FÍSICA
Extensión 233 p. :
Otros detalles físicos il.,
Dimensiones 24 cm.
504 ## - NOTA DE BIBLIOGRAFÍA, ETC.
Bibliography, etc Incluye bibliografías
590 ## - NOTA LOCAL
Enlace Inventariado, 2022/VM
651 #4 - ENCABEZAMIENTO DE MATERIA--NOMBRE GEOGRÁFICO
Nombre geográfico España
Subdivisión temática general Historia
-- Reyes Católicos,
Subdivisión cronológica 1479-
Materiales especificados
910 ## - VALIDACIÓN
Validación BTAVÁREZ/ VMateo V. Control de calidad
942 ## - ADDED ENTRY ELEMENTS (KOHA)
Source of classification or shelving scheme Dewey Decimal Classification
Koha item type Libros
Existencias
Withdrawn status Lost status Source of classification or shelving scheme Damaged status Not for loan Collection code Home library Current library Date acquired Source of acquisition Full call number Barcode Date last seen Price effective from Koha item type Copy number
    Dewey Decimal Classification     Colección General Biblioteca Pública Metropolitana Salomé Ureña Biblioteca Pública Metropolitana Salomé Ureña 08/10/2016 ALFAGUARA BPMSU CG 946 M357t 2008 BPMSU16080156 08/10/2016 08/10/2016 Libros  
    Dewey Decimal Classification     Colección General Biblioteca Pública Metropolitana Salomé Ureña Biblioteca Pública Metropolitana Salomé Ureña 08/10/2016 ALFAGUARA BPMSU CG 946 M357t 2008 BPMSU16080157 08/10/2016 08/10/2016 Libros e.2
    Dewey Decimal Classification     Colección General Biblioteca Pública Metropolitana Salomé Ureña Biblioteca Pública Metropolitana Salomé Ureña 08/10/2016 ALFAGUARA BPMSU CG 946 M357t 2008 BPMSU16080158 08/10/2016 08/10/2016 Libros e.3